| 000 | 00618nam a22001577a 4500 | ||
|---|---|---|---|
| 999 |
_c533760 _d533760 |
||
| 020 | _qHard Cover. | ||
| 082 | _a628.142 | ||
| 100 | _aRama, Hammayun Zulfiqar | ||
| 245 |
_aImpact assessment of climate change on hydrological response and urban flooding for adaptation strategies (case of lai nullah, Pakistan) / _cHammayun Zulfiqar Rana. |
||
| 260 |
_aIslamabad: _bSCEE - NUST, _c2016. |
||
| 300 |
_a119 p. : _bill. ; _c30cm. |
||
| 942 |
_2ddc _cTHE |
||
| 650 |
_aWater Resource Engineering and Management MS-Thesis. _927179 |
||
| 700 |
_aDr. Shakil Ahmad _916568 |
||